La vocación condenada /

Este libro es una colección de ensayos sobre la pasión a la escritura y la vocación literaria, presente tanto en escritores como en científicos; el autor estudia algunos autores que le resultan cercanos, ya sea en los temas o en la manera de abordarlos.

Zapisane w:
Opis bibliograficzny
1. autor: Estañol, Bruno (autor)
Format: Książka
Język:hiszpański
Wydane: México : UNAM, Coordinación de Difusión Cultural, 2000, c2000
Seria:(Diagonal, Textos de Difusión Cultural)
Hasła przedmiotowe:
Etykiety: Dodaj etykietę
Nie ma etykietki, Dołącz pierwszą etykiete!

MARC

LEADER 00000nam^a2200000^a^4500
001 000171231
005 20250521000000.0
009 20260310101338.064
020 |a 968-36-7596-4 
037 |a Acervo ITESO - Biblioteca 
041 |a ESP 
082 |a 864.  |b EST 
100 |a Estañol, Bruno  |e (autor) 
245 1 3 |a La vocación condenada /  |c B. Estañol. 
264 4 |a México :  |b UNAM, Coordinación de Difusión Cultural,  |c 2000, c2000 
300 |a 139 p. 
336 |a texto  |b txt  |2 rdacontenido 
337 |a sin mediación  |b n  |2 rdamedio 
338 |a volumen  |b nc  |2 rdasoporte 
440 1 |a (Diagonal, Textos de Difusión Cultural) 
520 |a Este libro es una colección de ensayos sobre la pasión a la escritura y la vocación literaria, presente tanto en escritores como en científicos; el autor estudia algunos autores que le resultan cercanos, ya sea en los temas o en la manera de abordarlos. 
545 0 |a Bruno Estañol, neurólogo y narrador tabasqueño, nacido en Frontera (1945). Ha sido secretario y presidente del Consejo Mexicano de Neurología y es médico e investigador del Instituto Nacional de Ciencias Médicas y Nutrición Salvador Zubirán. Autor de múltiples textos de neurología, también ha incursionado en el género científico-literario, a través del cual indaga sobre la mente del escritor y sobre la creatividad científica y artística; como narrador, también explora estos temas, así como sobre sus obsesiones, sus fantasías, sus sueños, la vida y la muerte, mientras que sus personajes representan las características generales del comportamiento del hombre. El conjunto de su obra aborda las virtudes y las fallas de lo intrínsecamente humano; en ella, da muestras de su gran erudición acompañada de buen humor, a la vez con que un espíritu filosófico, a través de sentencias y aforismos, con un estilo musical. Entre sus escritos se cuentan los ensayos: La vocación condenada, Una oscuridad visible; las novelas: La barca de oro; Fata Morgana; El féretro de cristal; Passiflora incarnata; los libros de cuentos: Ni el reino de otro mundo y La esposa de Martin Butchell; en colaboración con Eduardo Césarman ha publicado los libros: El telar encantado (sobre la relación mente cerebro), El laberinto y la ilusión, y Como perro bailarín (sobre la relación de la cultura y la biología). Ha recibido el premio de cuento San Luis Potosí (1988) y el Premio José Fuentes Mares; la Sociedad de Escritores 'Letras y Voces de Tabasco' le dedicó su encuentro anual 2003. 
649 |a XX 
650 |a Ensayos Mexicanos 
650 |a Literatura Mexicana -  |y Siglo XX 
650 |a Cuentos -  |x Teoría 
650 |a Retórica 
650 |a Literatura Argentina -  |x Historia y Crítica 
650 |a Literatura Rusa -  |x Historia y Crítica 
650 |a Literatura Inglesa -  |x Historia y Crítica 
650 |a Literatura Mexicana -  |x Historia y Crítica 
650 |a Literatura Norteamericana -  |x Historia y Crítica 
650 |a Literatura Inglesa -  |x Historia y Crítica 
650 |a Cultura 
650 |a Comunicación Escrita 
650 |a Creatividad 
650 |a Creación (Literaria, Artística, etc.) 
650 |a Memoria 
650 |a Medicina y Arte 
650 |a Medicina -  |x Prácticas Profesionales 
650 |a Biología 
650 |a México -  |x Historia -  |y Epoca Colonial, 1517-1821 
650 |a Borges, Jorge Luis 
650 |a Chéjov, Anton P. 
650 |a Lara Zavala, Hernán 
650 |a Styron, William 
650 |a Keats, John 
650 |a Ramón y Cajal, Santiago 
650 |a Guerrero, Gonzalo 
650 |a Aguilar, Jerónimo de 
600 |a Conrad, Joseph 
910 |a Fondo General 
920 |a Impresos - Libros 
930 |a Colección General 
940 |a Literatura 
905 |a 101 
901 |a 0500108680  |b IT1  |c LIT  |u 20250521 
902 |a https://opac.biblio.iteso.mx/vufind/Record/000171231